European Cities by Letter - K - Statistics

General Stats
  • This quiz has been taken 46 times
  • The average score is 5 of 20
Answer Stats
Clue City % Correct
Capital and largest city of Ukraine Kyiv
88%
Polish city famous for its historic architecture Kraków
83%
Historically known as 'Königsberg' Kaliningrad
76%
Renowned for its interesting mixture of Tatar and Russian cultures Kazan
52%
Home to the Barabashovo market, one of the largest in the world Kharkiv
40%
The most visited spa town in the Czechia Karlovy Vary
33%
Originally built as fortress by the Cossacks Krasnodar
24%
Serbian city known for its munition and automobile industries Kragujevac
19%
Established as a centre for handicrafts and cattle raising in Hungary Kecskemét
17%
Home to the Maritime Museum of Finland Kotka
17%
Reputed to be one of the sunniest towns in Sweden Karlstad
14%
English market town known for its quality woven carpets Kidderminster
14%
Coastal Danish city that historically thrived on trades and crafts Kolding
12%
Known throughout Russia for its clay statuettes and whistles Kirov
10%
Originally established as a Roman military post Koblenz
7%
One of Eastern Europe's most important steel-industry city Kryvyi Rih
7%
Founded by an Ottoman lord, Iljaz bej Mirahori Korçë
5%
In antiquity, the city was known as 'Neapolis' Kavala
2%
Centre of Bulgaria's rose oil production Kazanlak
2%
Polish city containing many scenic parks and historic churches Kalisz
0%
No matching quizzes found
Score Distribution
Percent of People with Each Score
Percentile by Number Answered
Your Score History
You have not taken this quiz